| Tag |
First Indicator |
Second Indicator |
Subfields |
| LEADER |
00000cam a22000004a 4500 |
| 001 |
in00001624521 |
| 005 |
20151023061902.0 |
| 008 |
991008s1999 mx a b f000 0 spa |
| 010 |
|
|
|a 99508385
|
| 020 |
|
|
|a 9683675883
|
| 035 |
|
|
|a (OCoLC)ocm42736582
|
| 040 |
|
|
|a DLC
|c DLC
|d TXA
|d UtOrBLW
|
| 042 |
|
|
|a pcc
|
| 043 |
|
|
|a n-mx---
|
| 049 |
|
|
|a TXAM
|
| 050 |
0 |
0 |
|a LB1778.4.M6
|b H27 1998
|
| 245 |
0 |
0 |
|a Hacia el futuro de la formación docente en educación superior :
|b estudio comparativo y prospectivo /
|c Edith Chehaybar y Kuri, coordinadora.
|
| 246 |
3 |
0 |
|a Formación docente
|
| 246 |
1 |
8 |
|a Hacia el futuro de la formación docente
|
| 250 |
|
|
|a 1. ed.
|
| 264 |
|
1 |
|a México, D.F. :
|b Centro de Estudios sobre la Universidad, Universidad Nacional Autónoma de México :
|b Plaza y Valdés,
|c 1999.
|
| 300 |
|
|
|a 259 pages :
|b illustrations ;
|c 23 cm.
|
| 336 |
|
|
|a text
|b txt
|2 rdacontent
|
| 337 |
|
|
|a unmediated
|b n
|2 rdamedia
|
| 338 |
|
|
|a volume
|b nc
|2 rdacarrier
|
| 490 |
1 |
|
|a Colección Educación superior contemporánea. Serie mayor
|
| 504 |
|
|
|a Includes bibliographical references (pages [249]-259).
|
| 650 |
|
0 |
|a College teachers
|x Training of
|z Mexico.
|
| 650 |
|
0 |
|a Education
|x Study and teaching (Higher)
|z Mexico.
|
| 700 |
1 |
|
|a Chehaybar y Kuri, Edith.
|
| 830 |
|
0 |
|a Colección Educación superior contemporánea.
|p Serie mayor.
|
| 994 |
|
|
|a E0
|b TXA
|
| 948 |
|
|
|a cataloged
|b h
|c 2001/7/31
|d c
|e lmiller
|f 10:45:36 am
|
| 999 |
|
|
|a MARS
|
| 999 |
f |
f |
|s d1485098-dd68-3224-8609-35ef65037bec
|i 082655a5-594c-3dd5-89ba-ee81bb6d6ad8
|t 0
|
| 952 |
f |
f |
|p normal
|a Texas A&M University
|b College Station
|c Sterling C. Evans Library
|d Evans: Library Stacks
|t 0
|e LB1778.4.M6 H27 1998
|h Library of Congress classification
|i unmediated -- volume
|m A14826621091
|
| 998 |
f |
f |
|a LB1778.4.M6 H27 1998
|t 0
|l Evans: Library Stacks
|